Importance of mental healh services to general health care (Record no. 47287)
[ view plain ]
| 000 -LEADER | |
|---|---|
| fixed length control field | 00317nam a2200121Ia 4500 |
| 008 - FIXED-LENGTH DATA ELEMENTS--GENERAL INFORMATION | |
| fixed length control field | 230917s9999||||xx |||||||||||||| ||und|| |
| 040 ## - CATALOGING SOURCE | |
| -- | 144873 |
| Original cataloging agency | VIVEKANANDA LIBRARY |
| 041 ## - Language | |
| -- | English |
| 082 ## - DDC NUMBER | |
| Classification number | 362.20973 H815I |
| 100 ## - MAIN ENTRY--PERSONAL NAME | |
| Personal name | Houpt, Jeffey |
| 245 #0 - TITLE STATEMENT | |
| Title | Importance of mental healh services to general health care |
| 942 ## - ADDED ENTRY ELEMENTS (KOHA) | |
| Koha item type | Books |
| Withdrawn status | Lost status | Damaged status | Not for loan | Location (home branch) | Sublocation or collection (holding branch) | Date acquired | Koha issues (times borrowed) | Koha full call number | Accession No. | Koha date last seen | Koha item type |
|---|---|---|---|---|---|---|---|---|---|---|---|
| VIVEKANANDA LIBRARY | VIVEKANANDA LIBRARY | 12/03/2010 | 362.20973 H815I | 114383 | 17/09/2023 | Books |
